000 00672nam a22002537a 4500
001 2064
005 20231103102038.0
020 _a9780545365666
040 _aFISKH
_beng
_cFISKH
_dFISKH
050 _aPZ7.U6378
082 _a156
100 _aUrbanovic, Jackie
245 _aSitting duck /
_cJackie Urbanovic
260 _bScholastic,
_c2010
_aNew York :
300 _a38 unnumbred pages :
_c23 cm
505 _aH
520 _aMax the duck volunteers to babysit for puppy Anabel, unaware of all the mischief a puppy can get into.
521 _a500
_bLexile
521 _aH
_bRaz-Plus
650 _aPuppy
650 _aDuck
650 _aDog
942 _2ddc
_cBK
_n0
999 _c2064
_d2064